| 000 | 00484nam a22001577a 4500 | ||
|---|---|---|---|
| 005 | 20231113131009.0 | ||
| 008 | 231113b |||||||| |||| 00| 0 eng d | ||
| 041 | _aAfrikaans | ||
| 082 | _a345.5 FER | ||
| 100 |
_aFerreira, JC _lAfrikaans |
||
| 245 |
_aStrafprosesreg in die Landdrofshof / _cJC Ferreira |
||
| 260 |
_aKaapstad, _bJuta en Kie. Bpk, _c1967 |
||
| 300 |
_blxix, 699 pages ; _c26 cm. |
||
| 650 |
_aLegal practice _bLaw |
||
| 942 |
_cBK _6ALISON_BN_VRIES |
||
| 999 |
_c572 _d572 |
||